02885nam a2200445 i 4500003000900000005001700009007000300026008004100029020001800070040003000088082002400118100005300142245020300195250004300398264004500441300006700486336002700553337003400580338002800614500005600642500007300698500045900771504004001230590002701270600003401297650008301331650008501414650007501499650006801574651008501642651009901727700005501826700004801881910004701929942001401976952014001990952014602130952014602276999001702422DO-SdBNP20260602105210.0ta110413s2023 dr aco 000 0 spa d a9789945183610 aDO-SdBNPbspacBNPHUerda 4a972.9382bC117r2221 aCabrera Vásquez, Enrique Albertod1951-97509513aEl rey del momise, Los Guloyas y los Cocolos en la industria azucarera de San Pedro de Macorís / cEnrique Cabrera Vásquez ; prólogo Dagoberto Tejeda Ortiz ; prefacio Julio César Mota Acosta aSegunda edición corregida y ampliada 1aSanto Domingo :bAmigo del Hogar,c2023. a509 páginas bilustraciones, retratos, fotografíasc23 cm. 2rdacontentatextobtxt 2rdamediaasin mediación bn 2rdacarrieravolumenbnc aIncluye datos biográficos del autor en la solapas aIncluye referencias bibliográficas y notas al pie de las páginas aAnálisis de un momento histórico determinante en el desarrollo de San Pedro de Macorís y la región oriental de la República Dominicana. El libro destaca la explotación de los trabajadores inmigrantes de las islas inglesas como expresión representativa del Caribe en relación con el crecimiento del capitalismo y la expansión del imperialismo y el patrimonio cultural religioso en la región a finales del siglo XIX y principios del XX. aBibliografía : páginas, 499-509 aInventariado, 2023/ YL10aChiverton, Theophilus.989829 7aInmigranteszRepública Dominicanaz San Pedro de MacorísxHistoria 989830 7aCultura popularzRepública DominicanazSan Pedro de MacorísxHistoria989831 7aDanzazRepública DominicanazSan Pedro de MacorísxHistoria989832 7aMúsicazRepública DominicanazSan Pedro de Macorís989833 7aSan Pedro de Macorís (República Dominicana)xVida social y costumbres989834 7aSan Pedro de Macorís (República Dominicana) xCivilizaciónxInfluencias africanas9898351 aTejeda Ortiz, Dagobertoeprólogo4pról.9836291 aMota Acosta, Julio Césareprefacio945346 aYLockward/Validado. Control de calidad MFF 2ddccLBS1 00102ddc51708PDaBNPHUbBNPHUcHDd2023-06-28eEnrique Cabreral0oBNPHU PD 972.9382 C117rp2023-6030r2023-09-18w2023-09-18yLBS1 00102ddc51708PDaBNPHUbBNPHUcHDd2023-06-28eEnrique Cabreral0oBNPHU PD 972.9382 C117rp2023-6031r2023-09-18te. 2w2023-09-18yLBS1 00102ddc56708DSaBNPHUbBNPHUcHDd2023-06-28eEnrique Cabreral0oBNPHU PD 972.9382 C117rp2023-6857r2023-10-11te. 3w2023-09-18yLBS1 c54803d54803